Normal view MARC view
  • Pandemia de COVID-19, 2020-2023

Entry Materia

Number of records used in: 11

001 - NÚMERO DE CONTROL DEL REGISTRO

  • campo de control: 46845

003 - IDENTIFICADOR DE NUMERO DE CONTROL

  • campo de control: UPN

005 - FECHA Y HORA DE LA ÚLTIMA TRANSACCIÓN

  • campo de control: 20250207152923.0

008 - DATOS DE LONGITUD FIJA

  • campo de control de longitud fija: 220927nn fnnnnbaba a ana d

040 ## - FUENTE DE LA CATALOGACIÓN

  • Centro catalogador de origen: MX-MxUNAM
  • Lengua de catalogación: spa
  • Agencia de modificación: MX-MxUPN

046 ## - FECHAS CON CODIFICACIÓN ESPECIAL

  • Fecha final para contenidos agregados: 2022

150 ## - ENCABEZAMIENTO - TEMÁTICO

  • Término de materia o nombre geográfico como elemento inicial: Pandemia de COVID-19, 2020-2023
  • Subdivisión de materia general: Aspectos sociales

450 ## - VÉASE - MATERIA

  • Encabezamiento temático: Epidemia de COVID-19, 2020-

450 ## - VÉASE - MATERIA

  • Encabezamiento temático: Pandemia de coronavirus, 2020-

450 ## - VÉASE - MATERIA

  • Encabezamiento temático: Epidemia de coronavirus, 2020-

670 ## - FUENTE EN LA QUE SE LOCALIZARON DATOS

  • Cita de la fuente: Autoridades LIBRUNAM, 27 septiembre 2022:
  • Información localizada: (Encabezamiento: Pandemia de COVID-19, 2020-2023)

670 ## - FUENTE EN LA QUE SE LOCALIZARON DATOS

  • Cita de la fuente: Autoridades BGTQ, 27 septiembre 2022:
  • Información localizada: (Subdivisión general: Aspectos sociales)

902 ## - CATALOGADOR

  • Catalogador: VAGG/270922